00639nam a22001697a 450000500170000001000120001702000140002903500120004303700090005508200110006410000300007524501340010524600950023926000670033427000460040130000220044720191210172450.0 aB-70241 c150.00a- aB-70241 bBPPD a070.17 aکا ظمی عا شو ر  aبيسو يں صد ی کے ا ر د و ا خبا ر ا ت و ر سا يل مغر بی د نيا ميںcکا ظمی عا شو ر  aBisween Sadi kay Urdu Akhbaraat -o-Rasail Maghrabi Duniya Mein(Urdu)bby Syed Ashoor Kazmi aLucknowc1992 ء bInstitut of third world Artist & Literature a16 Windermere Road, W5 4TD bLondonk-e- a211 صc22 cm(hb)